| 000 | 004630000a22001570004500 | ||
|---|---|---|---|
| 020 | _a84-7530-186-X | ||
| 041 | 0 | _aSPA | |
| 082 | 0 | 4 | _aG 916.4 C221v |
| 100 | 1 | _aCanetti, Elías (1905-) | |
| 245 | 1 | 0 | _aLas voces de Marrakech : impresiones de viaje / Elías Canetti ; José Francisco Yvars, Presentación y traduccción |
| 260 | _aMadrid : Orbis | ||
| 300 | _a168 Pag | ||
| 500 | _aTítulo original : Die stimmen von marrakesch | ||
| 001 | 13259 | ||
| 942 | _cBK | ||
| 999 |
_c42245 _d42245 |
||